Pengembaraan seorang putera

Bibliographic Details
Format: Book
Published: Selangor : Penerbit Mega Setia Emas , 2005
Series:Siri mitos nusantara
Subjects:

MARC

LEADER 00000cam a2200000 7i4500
001 0000001397
005 20151222.0
008 070705
020 |a 9831434056 
020 |a 983143417X(set) 
090 0 0 |a JF   |b FT MAL (1079) 
245 0 0 |a Pengembaraan seorang putera   |c Diselenggarakan oleh Sulaiman Zakaria 
260 |a Selangor :   |b Penerbit Mega Setia Emas ,   |c 2005 
440 |a Siri mitos nusantara 
500 |a Children ages 7-9 years old (orange) 
650 0 |a Fantasy fiction, Malay 
999 |a 0000007199   |b Book   |c Children Collection   |e Cawangan Taman Universiti 
999 |a 0000007201   |b Book   |c Children Collection   |e Cawangan Taman Universiti 
999 |a 0000007202   |b Book   |c Children Collection   |e Cawangan Taman Universiti 
999 |a 0000958044   |b Book   |c Children Collection   |e Cawangan Bukit Gambir 
999 |a 0000958045   |b Book   |c Children Collection   |e Cawangan Pontian 
999 |a 0000958046   |b Book   |c Children Collection   |e Perbadanan Perpustakaan Awam Johor 
999 |a 0000958047   |b Book   |c Children Collection   |e Perbadanan Perpustakaan Awam Johor 
999 |a 0000958048   |b Book   |c Children Collection   |e Cawangan Bandar Tenggara